000 01050cas a22002415 4500
001 L139825
008 070813c2007 xxkmr ws ss 0 a0eng u
035 _a(Sirsi) u139825
041 0 _aeng
050 _a333.33 $2 18
110 2 _aCB Richard Ellis
_93675
245 0 0 _aUK property prospects
_h[electronic resource]
260 _aLondon
_bCBRE
_c2007-
362 0 _aJuly 2007-
490 0 _aCB Richard Ellis UK Property Prospects
_vJuly 2007-
520 _aTracks and forecasts performance in the UK commercial property market. Provides a general overview of the market and economy, commentary on the UK investment market, performance for office, retail and industrial property, UK national forecasts, and UK sector forecasts.
554 _aMonthly?
650 2 4 _aCB RICHARD ELLIS UK PROPERTY PROSPECTS
651 4 _aUnited Kingdom
_y
690 _aPROPERTY-COMMERCIAL PROPERTY-COMMERCIAL PROPERTY MARKET
856 4 0 _uhttps://www.cbre.co.uk
_zView the item free of charge via the UK InfoMAP facility at www.cbre.co.uk...
942 _n0
999 _c119136
_d119136